Horizons phonics & reading : (Record no. 7389)
[ view plain ]
| 000 -LEADER | |
|---|---|
| fixed length control field | 01443nam a22002777a 4500 |
| 001 - CONTROL NUMBER | |
| control field | 7389 |
| 003 - CONTROL NUMBER IDENTIFIER | |
| control field | FISKH |
| 005 - DATE AND TIME OF LATEST TRANSACTION | |
| control field | 20250711141909.0 |
| 008 - FIXED-LENGTH DATA ELEMENTS--GENERAL INFORMATION | |
| fixed length control field | 250711b cb ||||| |||| 00| 0 eng d |
| 020 ## - INTERNATIONAL STANDARD BOOK NUMBER | |
| International Standard Book Number | 9780740301445 |
| 040 ## - CATALOGING SOURCE | |
| Original cataloging agency | FISKH |
| Language of cataloging | eng |
| Transcribing agency | FISKH |
| Modifying agency | FISKH |
| 050 ## - LIBRARY OF CONGRESS CALL NUMBER | |
| Classification number | PE1117.A47 .O27 |
| 082 ## - DEWEY DECIMAL CLASSIFICATION NUMBER | |
| Classification number | 421 |
| 100 ## - MAIN ENTRY--PERSONAL NAME | |
| Personal name | O'Brien, Pollyann |
| 245 ## - TITLE STATEMENT | |
| Title | Horizons phonics & reading : |
| Remainder of title | Van's Scarecrow / |
| Statement of responsibility, etc. | Author : Pollyann O'Brien ; Illustrator : Brian Ring |
| 260 ## - PUBLICATION, DISTRIBUTION, ETC. | |
| Place of publication, distribution, etc. | Rock Rapids : |
| Name of publisher, distributor, etc. | Alpha Omega Publications, |
| Date of publication, distribution, etc. | 2001. |
| 300 ## - PHYSICAL DESCRIPTION | |
| Extent | 128 pages : |
| Other physical details | color illustrations ; |
| Dimensions | 23 cm |
| 490 ## - SERIES STATEMENT | |
| Series statement | Horizons phonics & reading : |
| Volume/sequential designation | Reader 4 |
| 505 ## - FORMATTED CONTENTS NOTE | |
| Formatted contents note | G<br/> |
| 520 ## - SUMMARY, ETC. | |
| Summary, etc. | Horizons Kindergarten Phonics and Reading is a phonetically-based word recognition and early reading curriculum.Students learn to identify the name and sounds of letters through stories and picture associations. Basic concepts are taught through brightly illustrated readers that emphasize comprehension and language skills. Subjects include the alphabet and letter sounds, consonants and vowels, blended sounds, reading, spelling, rhyming, sequence, nouns, verbs, pronouns, and contractions. Ideal for the reading-ready student.Manuscript style of writing is used for letter formation practice." |
| 521 8# - TARGET AUDIENCE NOTE | |
| Target audience note | 380<br/> |
| Source | Lexile estimate<br/> |
| 521 8# - TARGET AUDIENCE NOTE | |
| Target audience note | G<br/> |
| Source | Raz-Plus<br/> |
| 650 ## - SUBJECT ADDED ENTRY--TOPICAL TERM | |
| Topical term or geographic name entry element | Elementary |
| Form subdivision | Kindergarten |
| General subdivision | Homeschool |
| 942 ## - ADDED ENTRY ELEMENTS (KOHA) | |
| Source of classification or shelving scheme | Dewey Decimal Classification |
| Koha item type | Books |
| Suppress in OPAC | No |
| Withdrawn status | Lost status | Source of classification or shelving scheme | Damaged status | Not for loan | Collection | Home library | Current library | Shelving location | Date acquired | Total Checkouts | Full call number | Barcode | Date due | Date last seen | Date last checked out | Copy number | Price effective from | Koha item type |
|---|---|---|---|---|---|---|---|---|---|---|---|---|---|---|---|---|---|---|
| Dewey Decimal Classification | Juvenile Fiction | Footprints International School Library Network Toul Kork Campus | Footprints International School Library Network Toul Kork Campus | TK Primary Library Room(4th Floor), Bookcase 1&2, Shelves 1-16, Dark Blue Books | 07/11/2025 | 1 | O'BR 421 PE1117.A47 .O27 | 2025-1830 | 12/31/2025 | 12/17/2025 | 12/17/2025 | 1 | 07/11/2025 | Books |
